Normal view MARC view

Entry Personal Name

Number of records used in: 1

001 - CONTROL NUMBER

  • control field: 9074

003 - CONTROL NUMBER IDENTIFIER

  • control field: DLC

005 - DATE AND TIME OF LATEST TRANSACTION

  • control field: 20220824095124.0

008 - FIXED-LENGTH DATA ELEMENTS

  • fixed length control field: 950711n| acannaab| |n aaa c

010 ## - LIBRARY OF CONGRESS CONTROL NUMBER

  • LC control number: no 95033216

035 ## - SYSTEM CONTROL NUMBER

  • System control number: (OCoLC)oca03873311

040 ## - CATALOGING SOURCE

  • Original cataloging agency: DJBF
  • Transcribing agency: DJBF

100 10 - HEADING--PERSONAL NAME

  • Personal name: Aneja, R. P.

670 ## - SOURCE DATA FOUND

  • Source citation: Dairying in India, 1994:
  • Information found: t.p. (R.P. Aneja) p. 2 of cover (Dr. R.P. Aneja, Pres., Indian Dairy Assoc.)

Powered by Koha